00601 2200253 4500001002100000005001700021008004100038020001800079035002400097082000800121090001500129100001200144245003700156250001100193260003300204300002400237650001400261850001500275980001100290985000600301986001100307999001500318999001400333YOGYA-0209000000628720090227020902.0 ind  a979-421-083-8 0010-020900000006287 a305 a305bNas S aNASIKUN aSistem Sosial IndonesiacNasikun aCet. 6 aJakartabRajawali Persc1991 a98 hlmbilusc21 cm aSosiologi aYOPDYOG(B) a070705 a2 arthrev a93P0037966 a93P003797